[Event "12th Open"]
[Site "Trieste ITA"]
[Date "2010.09.05"]
[Round "3"]
[White "Vidic,M SLO"]
[Black "Bevilacqua,A"]
[Result "1/2-1/2"]
[WhiteElo "2016"]
[BlackElo "2132"]

1.d4 Nf6 2.Nf3 d5 3.c4 c6 4.Nc3 e6 5.e3 Bd6 6.Bd3 O-O 7.O-O Nbd7 8.e4 dxe4
9.Nxe4 Nxe4 10.Bxe4 f5 11.Bc2 e5 12.Bg5 Be7 13.Bxe7 Qxe7 14.Nxe5 Nxe5 15.Re1 Qb4
16.Rxe5 Qxb2 17.Re7 Qb6 18.Qd2 Qd8 19.Rae1 Bd7 20.c5 Be8 21.Qf4 Bg6 22.Qe5 Qxe7
23.Qxe7 Rae8 24.Qxe8 Bxe8 25.Bxf5 Bf7 26.Be6 Rd8 27.Bxf7+ Kxf7 28.Re4 b6
29.Kf1 Rd5 30.Ke2 bxc5 31.dxc5 Rxc5 32.Ra4 a5 33.Ke3  1/2-1/2

[Event "TCh-ROU Superliga"]
[Site "Baile Herculane ROU"]
[Date "2010.09.06"]
[Round "3"]
[White "Flumbort,A"]
[Black "Svetushkin,D"]
[Result "1/2-1/2"]
[WhiteElo "2550"]
[BlackElo "2552"]

1.d4 d5 2.c4 c6 3.Nf3 Nf6 4.Nc3 e6 5.e3 a6 6.b3 Bb4 7.Bd2 Bd6 8.Bd3 c5 9.dxc5 Bxc5
10.cxd5 exd5 11.O-O O-O 12.Qc2 Nc6 13.Ne2 Be7 14.Ned4 Nb4 15.Bxb4 Bxb4 16.a3 Bd6
17.Bf5 g6 18.Bxc8 Rxc8 19.Qb2 Qe7 20.b4 Rc4 21.Nd2 Rc7 22.Rac1 Rfc8 23.g3 Be5
24.Rxc7 Rxc7 25.N2f3 Rc4 26.Rc1 Qc7 27.Rc2 Nd7 28.Qb3 Bxd4 29.Nxd4 Ne5 30.Kg2 Nd7
31.a4 Nf6 32.Rd2 Qe7 33.b5 a5 34.Rc2 Qc5 35.Ra2 Ne4 36.Ne2 Qc8 37.Nf4 Nc3
38.Rd2 Qc5 39.h4 h6 40.Nd3 Qe7 41.Nb2 Rc5 42.Rd4 Ne2 43.Rd2 Qe4+ 44.f3 Qb1
45.Qd1 Nc3 46.Qxb1 Nxb1 47.Re2 Rc1 48.Nd3 Rc4 49.Nf4 Nc3 50.Rd2 Rxa4 51.Nxd5 Nxd5
52.Rxd5 Rb4 53.b6 Rxb6  1/2-1/2

[Event "ch-ESP"]
[Site "El Sauzal ESP"]
[Date "2010.09.06"]
[Round "3"]
[White "Garcia Gata,J"]
[Black "Rodriguez Govea,Elizabeth"]
[Result "1-0"]
[WhiteElo "2090"]
[BlackElo "1479"]

1.d4 d5 2.c4 c6 3.Nc3 e6 4.Nf3 Nf6 5.e3 Nbd7 6.Qc2 Bb4 7.Bd2 O-O 8.Bd3 dxc4
9.Bxc4 b5 10.Bd3 Bb7 11.O-O Qc7 12.Nxb5 Qb6 13.Bxb4 cxb5 14.Bxf8 Rxf8 15.Rac1 Bxf3
16.gxf3 g6 17.Qc6 Qa5 18.Qxb5 Qxa2 19.Bc4 Rb8 20.Qxb8+ Nxb8 21.Bxa2 Nbd7
22.Rc8+  1-0

[Event "USCL"]
[Site "ICC INT"]
[Date "2010.09.07"]
[Round "3"]
[White "Rohonyan,K"]
[Black "Galofre,C"]
[Result "0-1"]
[WhiteElo "2319"]
[BlackElo "2287"]

1.d4 d5 2.c4 e6 3.Nf3 Nf6 4.Nc3 c6 5.e3 Nbd7 6.Qc2 Bd6 7.g4 Nxg4 8.Rg1 Nh6
9.Rxg7 Qf6 10.Rxh7 Rxh7 11.Qxh7 Nf8 12.Qc2 Qxf3 13.e4 Ng4 14.Qe2 dxe4 15.Nxe4 Bb4+
16.Bd2 Bxd2+ 17.Kxd2 Qf4+ 18.Kc3 Nf6 19.Ng3 b6 20.Bg2 Bb7 21.Rd1 O-O-O 22.b4 e5
23.dxe5 Rxd1 24.Qxd1 Qxe5+ 25.Kb3 Ne6 26.Bh3 c5 27.b5 Kc7 28.Bxe6 fxe6 29.h4 Qd4
30.Qe2 Ne4 31.h5 Qc3+  0-1

[Event "ch-ESP"]
[Site "El Sauzal ESP"]
[Date "2010.09.08"]
[Round "5"]
[White "Alonso Rosell,A"]
[Black "Vallejo Pons,F"]
[Result "1/2-1/2"]
[WhiteElo "2485"]
[BlackElo "2697"]

1.d4 e6 2.c4 d5 3.Nc3 c6 4.e3 Nf6 5.Nf3 Nbd7 6.Bd3 dxc4 7.Bxc4 b5 8.Bd3 a6
9.a4 b4 10.Ne4 c5 11.dxc5 Nxc5 12.Nxc5 Bxc5 13.O-O Bb7 14.Qe2 O-O 15.e4 h6
16.Bf4 Nh5 17.Be5 f6 18.Bg3 Nxg3 19.hxg3 Qe7 20.Bc4 Kh7 21.Rfd1 a5 22.b3 Rfd8
23.Nh4 g5 24.Nf3 Kg7 25.Rac1 Bb6  1/2-1/2

[Event "ch-ESP"]
[Site "El Sauzal ESP"]
[Date "2010.09.10"]
[Round "7"]
[White "Arizmendi Martinez,J"]
[Black "Salgado Lopez,I"]
[Result "1-0"]
[WhiteElo "2551"]
[BlackElo "2595"]

1.Nf3 d5 2.d4 Nf6 3.c4 e6 4.Nc3 c6 5.e3 Nbd7 6.Qc2 Bd6 7.Be2 O-O 8.O-O dxc4
9.Bxc4 b5 10.Be2 Bb7 11.Rd1 Qc7 12.e4 e5 13.Bg5 exd4 14.Rxd4 Bc5 15.Rd2 Rfe8
16.Bxf6 Nxf6 17.e5 Ng4 18.Ne4 Be7 19.Nd6 Red8 20.Rad1 Bxd6 21.exd6 Qb6 22.Nd4 Nf6
23.Nf5 c5 24.Qc3 Be4 25.Ne7+ Kf8 26.Qe5 a6 27.g4 Qb7 28.g5 Nd7 29.Qf4 c4
30.Bh5 f6 31.Re1 Bd3 32.Bf3 Qa7 33.Bxa8 Qxa8 34.Qg4 g6 35.Qh3 h5 36.gxh6 Nc5
37.Rxd3 cxd3 38.Nxg6+ Kg8 39.Re7  1-0

[Event "Open"]
[Site "Livigno ITA"]
[Date "2010.09.10"]
[Round "1"]
[White "Skliba,M"]
[Black "Lazic,Mir"]
[Result "1/2-1/2"]
[WhiteElo "2287"]
[BlackElo "2502"]

1.d4 d5 2.Nf3 c6 3.c4 e6 4.e3 Nf6 5.Nc3 Nbd7 6.Qc2 Bd6 7.Be2 O-O 8.O-O dxc4
9.Bxc4 b5 10.Be2 Bb7 11.Rd1 Qb8 12.a3 Re8 13.e4 e5 14.g3 a6 15.dxe5 Nxe5
16.Nxe5 Bxe5 17.Bf3 c5 18.Nd5 Nxd5 19.exd5 Bd4 20.Rb1 Qd8 21.Qf5 Re5 22.Qd3 Bxd5
23.b4 Qf6 24.Bf4 Bxf3 25.Qxf3 Rae8 26.bxc5 Bxc5 27.Kg2 Re2 28.Rf1 h6 29.Rbc1 Qe7
30.Rc3 Re6 31.Rfc1 Bd6 32.Bxd6 Rxd6 33.Rc8 Rf6 34.Qa8 Rxc8 35.Rxc8+ Kh7 36.Rh8+ Kg6
37.Re8 Qc5 38.Qe4+ Qf5 39.Qxf5+ Kxf5 40.Re7 h5 41.h4 Kg6 42.Ra7 Rc6 43.Ra8 Kf5
44.Ra7 Ke6 45.f3 g6 46.g4 hxg4 47.fxg4 Kf6 48.h5 Kg7 49.hxg6 Kxg6 50.g5 Rc2+
51.Kf1 Rb2 52.Rxa6+ Kxg5 53.a4 b4 54.Rb6 f5 55.a5 Kg4 56.a6 Kf3 57.Kg1 Rg2+
58.Kh1 Rg4 59.Kh2 Kf2 60.Kh3 Rg1 61.Kh4 Rg4+ 62.Kh3 Rg3+ 63.Kh4  1/2-1/2

[Event "11th WUCC Women"]
[Site "Zuerich SUI"]
[Date "2010.09.10"]
[Round "8"]
[White "Rajapaksha,A"]
[Black "Lestari,B"]
[Result "0-1"]
[WhiteElo "1790"]
[BlackElo "2177"]

1.Nf3 Nf6 2.d4 d5 3.e3 e6 4.c4 c6 5.Nc3 Nbd7 6.cxd5 exd5 7.Bd3 Bd6 8.O-O O-O
9.Qc2 h6 10.h3 Re8 11.Re1 Qc7 12.b3 Nf8 13.Bb2 Bd7 14.Rac1 Rac8 15.Na4 Ne4
16.Nc5 Bf5 17.Nh4 Bh7 18.f4 g5 19.Bxe4 Bxe4 20.Nxe4 Rxe4 21.Nf5 Re6 22.Nxd6 Qxd6
23.fxg5 hxg5 24.Qf5 Qe7 25.Rf1 Re8 26.Rce1 Nh7 27.Rf3 Qf6 28.Qxf6 Rxf6 29.Rxf6 Nxf6
30.Kf2 Re4 31.Bc1 Kg7 32.Kf3 Kg6 33.g4 Nd7 34.Ke2 Nf8 35.Rf1 Ne6 36.Kd3 Ng7
37.Bd2 Re8 38.Be1 f5 39.Bg3 fxg4 40.hxg4 Re4 41.Bb8 Rxg4 42.Bxa7 Re4 43.Bb8 Nf5
44.Rf3 g4 45.Rf4 Rxe3+ 46.Kd2 Re4 47.Rxe4 dxe4 48.Bh2 Kf6 49.Be5+ Ke6 50.Ke2 Kd5
51.Kf1 Nxd4 52.Bf4 Nf5 53.Ke2 Kd4 54.Kd2 e3+ 55.Ke2 Ke4 56.Bh2 g3 57.Bg1 Nd4+
58.Kf1 Kf3 59.Ke1 Nc2+  0-1

[Event "ch-ESP"]
[Site "El Sauzal ESP"]
[Date "2010.09.12"]
[Round "9"]
[White "Perez Barreto,A"]
[Black "Perez Celis,A"]
[Result "0-1"]
[WhiteElo "1718"]
[BlackElo "1819"]

1.d4 d5 2.c4 c6 3.Nc3 Nf6 4.Nf3 e6 5.e3 Nbd7 6.Qc2 Bd6 7.Bd3 O-O 8.O-O dxc4
9.Bxc4 b5 10.Bd3 a6 11.h3 Qc7 12.Ng5 h6 13.Nge4 Be7 14.Nxf6+ Nxf6 15.Ne4 Nxe4
16.Bxe4 Bb7 17.Bd2 e5 18.dxe5 Qxe5 19.Bc3 Qg5 20.f4 Qc5 21.Qf2 Bh4 22.Qf3 f5
23.Bc2 Qe7 24.Bb3+ Kh7 25.Qe2 c5 26.Bc2 Rad8 27.Rad1 Be4 28.Bxe4 Qxe4 29.Be5 c4
30.Rd4 Rxd4 31.Bxd4 Rd8 32.Qh5 Rxd4 33.exd4 Bf6 34.d5 Qxd5 35.Qe2 Qd4+ 36.Rf2 Bh4
37.Qd2 Qxf2+ 38.Qxf2 Bxf2+ 39.Kxf2 Kg6 40.g4 Kf6 41.Ke3 Ke6 42.Kd4 g5 43.gxf5+ Kxf5
44.fxg5 hxg5 45.Kc5 Kf4 46.a3 Kg3 47.Kb6 Kxh3 48.Kxa6 g4 49.Kxb5 g3 50.Kxc4 g2
51.b4 g1=Q 52.a4 Qd1 53.a5 Qa4 54.Kc5 Kg4 55.Kb6 Qxb4+ 56.Ka6 Kf5  0-1

[Event "Open"]
[Site "Livigno ITA"]
[Date "2010.09.12"]
[Round "3"]
[White "Chytilek,R"]
[Black "Urosevic,G"]
[Result "1-0"]
[WhiteElo "2368"]
[BlackElo "2218"]

1.Nf3 Nf6 2.c4 c6 3.d4 d5 4.e3 e6 5.Nc3 Nbd7 6.Qc2 Bd6 7.g4 Bb4 8.Bd2 dxc4
9.g5 Nd5 10.Bxc4 Qe7 11.O-O-O Nxc3 12.Bxc3 Nb6 13.Bxb4 Qxb4 14.Bd3 h6 15.Rhg1 Qf8
16.h4 Nd5 17.a3 Bd7 18.Ne5 hxg5 19.hxg5 O-O-O 20.g6 Be8 21.gxf7 Bxf7 22.Rg2 Bh5
23.Rdg1 Bf3 24.Rxg7 Rh1 25.Qxc6+  1-0

[Event "WCh w Blitz Semi-Final"]
[Site "Moscow RUS"]
[Date "2010.09.15"]
[Round "7"]
[White "Cori T.,D"]
[Black "Charochkina,D"]
[Result "0-1"]
[WhiteElo "2368"]
[BlackElo "2303"]

1.d4 d5 2.c4 c6 3.Nf3 Nf6 4.Nc3 e6 5.e3 Nbd7 6.Qc2 Bd6 7.Bd3 dxc4 8.Bxc4 b5
9.Bd3 O-O 10.O-O Bb7 11.e4 e5 12.Rd1 Qe7 13.h3 a6 14.Be3 Rfe8 15.a3 exd4
16.Nxd4 Bc5 17.Nf5 Qe6 18.Re1 Bxe3 19.Rxe3 Ne5 20.Bf1 c5 21.Rd1 Rad8 22.Nd5 Bxd5
23.exd5 Nxd5 24.Ree1 Qg6 25.Qxc5 Nf3+ 26.Kh1 Nxe1 27.Rxd5 Qf6 28.Rxd8 Qxd8
29.Qc3 Qf6 30.Qg3  0-1

[Event "WCh w Blitz Final"]
[Site "Moscow RUS"]
[Date "2010.09.17"]
[Round "4"]
[White "Zhukova,N"]
[Black "Stefanova,A"]
[Result "1-0"]
[WhiteElo "2499"]
[BlackElo "2551"]

1.d4 d5 2.c4 c6 3.Nc3 Nf6 4.e3 e6 5.Nf3 a6 6.b3 Bb4 7.Bd2 Qe7 8.Bd3 Nbd7
9.O-O O-O 10.Qc2 h6 11.h3 Re8 12.Rfe1 b6 13.e4 dxc4 14.Bxc4 e5 15.Ne2 Bxd2
16.Nxd2 Bb7 17.Nf3 Rad8 18.Ng3 g6 19.Rad1 b5 20.Bf1 c5 21.d5 Qd6 22.a4 Qb6
23.Qe2 c4 24.axb5 axb5 25.bxc4 b4 26.Qd2 Ba6 27.Qxh6 b3 28.Rb1 Rb8 29.Qg5 Kf8
30.Nh4 Ke7 31.c5 Nxc5 32.Qxe5+ Kf8 33.Qg5 Bxf1 34.Rxf1 Ncxe4 35.Qh6+ Ke7
36.Nxe4 Nxe4 37.Rbe1 Kd7 38.Qg7 Nd6 39.Nxg6 Rxe1 40.Rxe1 b2 41.Ne5+ Kc7 42.Rb1 Qd4
43.Qg3 Re8 44.Nc6  1-0

[Event "WCh w Blitz Final"]
[Site "Moscow RUS"]
[Date "2010.09.17"]
[Round "4"]
[White "Nebolsina,V"]
[Black "Gaponenko,I"]
[Result "1-0"]
[WhiteElo "2360"]
[BlackElo "2469"]

1.d4 d5 2.c4 c6 3.Nc3 Nf6 4.e3 e6 5.Nf3 Nbd7 6.Bd3 dxc4 7.Bxc4 b5 8.Bd3 b4
9.Ne4 Nxe4 10.Bxe4 Bb7 11.O-O Bd6 12.Qc2 Rc8 13.a3 bxa3 14.b3 Nf6 15.Bd3 c5
16.Bb5+ Ke7 17.Bxa3 cxd4 18.Qe2 d3 19.Bxd3 Bxf3 20.gxf3 Bxa3 21.Rxa3 Qb6
22.Rfa1 Rc7 23.Bc4 Rd8 24.Ra6 Qb8 25.Qa2 Rdd7 26.Qa3+ Ke8 27.Ra5 Rb7 28.Rg5 g6
29.Ra5 Nd5 30.Qb2 h5 31.Qh8+ Ke7 32.Qxb8 Rxb8 33.Rxa7 Nb6 34.Bb5 Rxa7 35.Rxa7+ Kf6
36.f4 Nd5 37.Bc4 Nb6 38.Be2 Nd5 39.Bc4 Nb6 40.Rc7 Nxc4 41.bxc4 Rb1+ 42.Kg2 Rc1
43.c5 Kg7 44.Kf3 Kf6 45.Ke4 Rh1 46.c6 Rxh2 47.Rxf7+ Kxf7 48.c7 Rxf2 49.c8=Q Rd2
50.Qc7+ Kf8 51.Qc5+ Kf7 52.Qa7+ Kf6 53.Qc7 Rd5 54.Qc8 Kf7 55.Qh8 Rf5 56.Qh7+ Kf6
57.Kf3 e5 58.Qh8+ Ke6 59.Qc8+ Kf6 60.Qc6+ Kf7 61.Qd7+ Kf6 62.Ke4 exf4 63.exf4 h4
64.Qd8+ Kf7 65.Qxh4 Rh5 66.Qf2 Rf5 67.Qa7+ Kf6 68.Qb6+ Kf7 69.Qc7+ Kf6 70.Qd6+ Kf7
71.Qd7+ Kf6 72.Qc8 Rh5 73.Qd8+ Ke6 74.Qg8+ Kf6 75.Qf8+ Ke6 76.Qg7 Rf5 77.Qxg6+ Rf6
78.Qe8+ Kd6 79.Qe5+  1-0

[Event "WCh w Blitz Final"]
[Site "Moscow RUS"]
[Date "2010.09.17"]
[Round "7"]
[White "Nebolsina,V"]
[Black "Sebag,M"]
[Result "0-1"]
[WhiteElo "2360"]
[BlackElo "2499"]

1.d4 d5 2.c4 c6 3.Nc3 Nf6 4.e3 e6 5.Nf3 Nbd7 6.Bd3 dxc4 7.Bxc4 b5 8.Bd3 Bd6
9.O-O O-O 10.b3 Bb7 11.Bb2 b4 12.Ne2 c5 13.Rc1 Bxf3 14.gxf3 Nd5 15.f4 Qh4
16.Ng3 N7f6 17.Qf3 Ng4 18.Qg2 Bxf4 19.Rxc5 Bxe3 20.Rxd5 exd5 21.Nf5 Bxf2+
22.Kh1 Qg5 23.h3 g6 24.Bc1 Qf6 25.Qxg4 Kh8 26.Ng3 Qxd4 27.Qf3 Bxg3 28.Qxg3 f6
29.Bh6 Rfe8 30.Bb5 Re4 31.Bc6 Rd8 32.Bb7 Qe5 33.Bf4 Qe7 34.Bc6 Re2 35.Bc7 Qe4+
36.Kg1 Rf8 37.Bf4 Qc2 38.Bxd5 Qc5+ 39.Be3 Rxe3 40.Qf2 Rg3+ 41.Kh1 Rxh3+ 42.Kg1 Qxd5  0-1

[Event "WCh w Blitz Final"]
[Site "Moscow RUS"]
[Date "2010.09.17"]
[Round "8"]
[White "Gunina,V"]
[Black "Gaponenko,I"]
[Result "1-0"]
[WhiteElo "2465"]
[BlackElo "2469"]

1.d4 d5 2.c4 c6 3.Nc3 Nf6 4.e3 e6 5.Nf3 Nbd7 6.Qc2 b6 7.Bd3 Bb7 8.O-O Be7
9.e4 dxe4 10.Nxe4 c5 11.Nxf6+ Nxf6 12.dxc5 Bxf3 13.gxf3 Bxc5 14.b4 Bd4 15.Rb1 O-O
16.Bf4 e5 17.Bg3 Rc8 18.Rfe1 Re8 19.Rbd1 Qe7 20.Bf5 Rcd8 21.a3 h6 22.Rd2 Nh5
23.Rxd4 Rxd4 24.Rxe5 Qd8 25.Bh7+ Kh8 26.Rxh5 Re1+ 27.Kg2 Rdd1 28.Bf5 Qf6
29.Bg4 Rc1 30.Qd2 Rcd1 31.Qf4 Qxf4 32.Bxf4 Rd4 33.Be3 Rxc4 34.Rd5 Rc7 35.Bf5 g6
36.Be4 Kh7 37.Rd8 f5 38.Bd4 Rg7 39.Bxg7 Kxg7 40.Rd7+ Kf6 41.Bc6 a5 42.bxa5 bxa5
43.Ra7 Re5 44.a4 Rc5 45.Bb5 h5 46.Rxa5 Kg5 47.Ra6 h4 48.Be8 Kf4 49.Rxg6 Rc1
50.Bd7 Ra1 51.Rf6 Ke5 52.Rxf5+ Kd6 53.Bb5 Ke6 54.Rh5 Kf6 55.Rxh4 Kg5 56.Rg4+ Kf5
57.Rc4 Kg5  1-0

[Event "WCh w Blitz Final"]
[Site "Moscow RUS"]
[Date "2010.09.17"]
[Round "12"]
[White "Zhukova,N"]
[Black "Sebag,M"]
[Result "1-0"]
[WhiteElo "2499"]
[BlackElo "2499"]

1.d4 d5 2.c4 c6 3.Nc3 Nf6 4.e3 e6 5.Nf3 Nbd7 6.Bd3 dxc4 7.Bxc4 b5 8.Be2 Bd6
9.O-O O-O 10.a3 Bb7 11.Qc2 a6 12.Bd3 c5 13.Ne4 Nxe4 14.Bxe4 Bxe4 15.Qxe4 Nf6
16.Qc6 c4 17.e4 Qd7 18.Qxd7 Nxd7 19.Be3 Rfc8 20.Rfd1 Nb6 21.d5 Bc5 22.Bxc5 Rxc5
23.d6 e5 24.d7 Rd8 25.Rd6 Na4 26.Rb1 Kf8 27.g3 Ke7 28.Rxa6 Rxd7 29.b4 cxb3
30.Rxb3 f6 31.Ra5 Nc3 32.a4 bxa4 33.Rxc5 axb3 34.Rxc3 b2 35.Rb3 Rd1+ 36.Kg2 b1=Q  1-0

[Event "WCh w Blitz Final"]
[Site "Moscow RUS"]
[Date "2010.09.17"]
[Round "14"]
[White "Koneru,H"]
[Black "Sebag,M"]
[Result "1-0"]
[WhiteElo "2593"]
[BlackElo "2499"]

1.d4 d5 2.c4 c6 3.Nc3 Nf6 4.e3 e6 5.Nf3 Nbd7 6.Qc2 Bd6 7.Bd3 O-O 8.O-O dxc4
9.Bxc4 a6 10.a4 c5 11.dxc5 Bxc5 12.Ne4 Nxe4 13.Qxe4 Nf6 14.Qc2 b6 15.Rd1 Qe7
16.b3 Bb7 17.Bb2 Nd5 18.Rac1 h6 19.Qe2 Rfd8 20.h3 Ba3 21.Rd4 Bxb2 22.Qxb2 Nf6
23.Rcd1 Bxf3 24.gxf3 Rdc8 25.Qe2 a5 26.f4 e5 27.fxe5 Qxe5 28.Qf3 Re8 29.Kh1 Rac8
30.Rg1 Rc7 31.Rf4 Kf8 32.Qg2 Nh5 33.Rh4 g6 34.Rd4 Kg7 35.Rd5 Qe4 36.Rxh5 Qxg2+
37.Rxg2 g5 38.Rh4 Rd7 39.Rd4 Red8 40.Rgg4 f5 41.Rxd7+ Rxd7 42.Rd4 Re7 43.Kg2 Kf6
44.Rd6+ Ke5 45.Rxb6 h5 46.Rb5+ Kf6 47.Rxa5 g4 48.Ra6+ Kg5 49.hxg4 fxg4 50.Ra5+ Kh4
51.Bd3 Rg7 52.Rd5 Rg8 53.a5  1-0

[Event "WCh w Blitz Final"]
[Site "Moscow RUS"]
[Date "2010.09.17"]
[Round "15"]
[White "Nebolsina,V"]
[Black "Paikidze,N"]
[Result "1-0"]
[WhiteElo "2360"]
[BlackElo "2376"]

1.d4 d5 2.c4 c6 3.Nc3 Nf6 4.e3 e6 5.Nf3 Nbd7 6.Bd3 dxc4 7.Bxc4 b5 8.Bd3 a6
9.e4 b4 10.Na4 c5 11.e5 Nd5 12.O-O cxd4 13.Bg5 Qa5 14.Re1 Bb7 15.Nd2 Be7
16.Bxe7 Nxe7 17.Nc4 Qc7 18.Nd6+ Kf8 19.Rc1 Bc6 20.Qh5 g6 21.Qh6+ Kg8 22.Qf4 Rf8
23.Nc5 Kg7 24.Qxf7+ Rxf7 25.Nxe6+ Kg8 26.Nxc7 Nb6 27.Nxa6 Rf4 28.Nxb4 Bd5
29.Rc7 Kf8 30.a4 Bb3 31.a5 Na8 32.Ra7  1-0

[Event "Open"]
[Site "Livigno ITA"]
[Date "2010.09.18"]
[Round "9"]
[White "Jedlicka,A"]
[Black "Fuchs,L"]
[Result "1-0"]
[WhiteElo "2279"]
[BlackElo "2046"]

1.d4 d5 2.c4 e6 3.Nf3 c6 4.e3 Nf6 5.Nc3 Bb4 6.Qc2 Nbd7 7.Bd3 O-O 8.O-O Re8
9.Bd2 h6 10.Rad1 e5 11.Nxe5 Nxe5 12.dxe5 Rxe5 13.Nxd5 cxd5 14.Bxb4 Ng4 15.h3 Nf6
16.Bc3 Rg5 17.f4 Rg3 18.Qf2 Nh5 19.Be2 Bxh3 20.Rxd5 Qb6 21.Bf3 Re8 22.Rxh5 Rxf3
23.Qxf3 Rxe3 24.Qf2 Bxg2 25.c5 Qg6 26.Qxg2 Rg3 27.Rg5 Rxg2+ 28.Rxg2 Qh5 29.Bxg7 Kh7
30.f5 Qh4 31.Bc3 f6 32.Re1 h5 33.Re7+ Kh8 34.Rg6  1-0

[Event "WCh w Blitz Final"]
[Site "Moscow RUS"]
[Date "2010.09.18"]
[Round "18"]
[White "Gunina,V"]
[Black "Stefanova,A"]
[Result "1/2-1/2"]
[WhiteElo "2465"]
[BlackElo "2551"]

1.d4 d5 2.c4 c6 3.Nc3 Nf6 4.e3 e6 5.Nf3 a6 6.Be2 dxc4 7.Bxc4 c5 8.O-O b5
9.Bb3 cxd4 10.exd4 Bb7 11.Re1 Be7 12.Ne5 O-O 13.Qe2 Bc8 14.Bg5 Ra7 15.Rad1 b4
16.Na4 Nd5 17.Bxe7 Qxe7 18.Nc5 Rd8 19.Qd2 a5 20.Rc1 Rc7 21.Ncd3 Rxc1 22.Rxc1 Bb7
23.Nc5 Ba8 24.a3 f6 25.Ned3 Nc6 26.Bxd5 Rxd5 27.axb4 axb4 28.Nxb4 Nxb4 29.Qxb4 Qd6
30.Qa3 Bc6 31.Re1 Rg5 32.g3 Qd5 33.Ne4 f5 34.h4 Rg4 35.f3 Rg6 36.Ng5 Qxd4+
37.Qe3 Qxb2 38.Qc5 Qb7 39.Rd1 Qc7 40.Qd6 Qxd6 41.Rxd6 Be8 42.Rxe6 Rxe6 43.Nxe6 Kf7
44.Nf4 Kf6 45.Kf2 h6 46.Ke3 Bc6 47.Nd3 g5 48.hxg5+  1/2-1/2

[Event "WCh w Blitz Final"]
[Site "Moscow RUS"]
[Date "2010.09.18"]
[Round "19"]
[White "Paikidze,N"]
[Black "Gunina,V"]
[Result "1-0"]
[WhiteElo "2376"]
[BlackElo "2465"]

1.d4 d5 2.c4 c6 3.Nc3 Nf6 4.e3 e6 5.Nf3 Nbd7 6.Qc2 Be7 7.b3 O-O 8.Bd3 c5
9.cxd5 exd5 10.O-O b6 11.Bb2 Bb7 12.Rad1 Rc8 13.Qb1 Re8 14.Ne5 g6 15.f4 a6
16.a4 Nf8 17.Kh1 Ne6 18.f5 Ng7 19.fxg6 fxg6 20.Rf3 Bd6 21.Rdf1 Rf8 22.Ne2 Qe7
23.Nf4 Bxe5 24.dxe5 Ng4 25.Bxg6 h6 26.Bh7+  1-0

[Event "WCh w Blitz Final"]
[Site "Moscow RUS"]
[Date "2010.09.18"]
[Round "20"]
[White "Zhukova,N"]
[Black "Paikidze,N"]
[Result "0-1"]
[WhiteElo "2499"]
[BlackElo "2376"]

1.d4 d5 2.c4 c6 3.Nc3 Nf6 4.e3 e6 5.Nf3 Nbd7 6.Bd3 dxc4 7.Bxc4 b5 8.Bd3 a6
9.e4 b4 10.Na4 c5 11.e5 Nd5 12.O-O Bb7 13.Re1 Rc8 14.Qe2 cxd4 15.Nxd4 Nc5
16.Nxc5 Bxc5 17.Nb3 Be7 18.Bxa6 Bxa6 19.Qxa6 O-O 20.Qe2 Qc7 21.h3 Rfd8 22.Bd2 Qc2
23.Rab1 Nb6 24.Rec1 Qf5 25.Rxc8 Qxb1+ 26.Rc1 Qxb2 27.Qb5 Rxd2 28.Qxb6 Rc2
29.Rd1 h6 30.Rd7 Bg5 31.Qb8+ Kh7 32.Rxf7 Be3 33.Qf8 Qxe5 34.fxe3 Rxa2 35.Rf2 Qxe3
36.Qf3 Qe1+ 37.Kh2 Qxf2 38.Qxf2 Rxf2  0-1

[Event "WCh w Blitz Final"]
[Site "Moscow RUS"]
[Date "2010.09.18"]
[Round "22"]
[White "Koneru,H"]
[Black "Paikidze,N"]
[Result "1/2-1/2"]
[WhiteElo "2593"]
[BlackElo "2376"]

1.d4 d5 2.c4 c6 3.Nc3 Nf6 4.e3 e6 5.Nf3 Nbd7 6.Qc2 Bd6 7.b3 O-O 8.Bb2 b6
9.Bd3 Bb7 10.O-O Rc8 11.Rac1 Qe7 12.Rfe1 Rfd8 13.e4 dxe4 14.Nxe4 Nxe4 15.Bxe4 Nf6
16.Bd3 Ba3 17.c5 Bxb2 18.Qxb2 bxc5 19.Rxc5 Rd5 20.Qc2 h6 21.h3 Nd7 22.Rc3 Rd6
23.b4 Nb6 24.a3 Nd5 25.Rc5 Rcd8 26.Be4 Qe8 27.Rc1 a6 28.Ne5 Nf6 29.Bxc6 Bxc6
30.Nxc6 R8d7 31.a4 Rb7 32.Qe2 Nd7 33.R5c2 Nb8 34.b5 axb5 35.axb5 Nxc6 36.bxc6 Rc7
37.Qe4 f5 38.Qe5 Rdxc6 39.Qxc7 Rxc7 40.Rxc7 Kh7 41.Rb7 Qd8 42.Rb4 Qd5 43.Rc5 Qe4
44.Rc1 Qd3 45.Rbc4 Qd2 46.Rc6 Qxd4 47.Rxe6 f4 48.Re7 f3 49.Rcc7 Qd1+ 50.Kh2 Qd6+
51.g3 Qb6 52.Rxg7+ Kh8 53.Rh7+ Kg8 54.Rcg7+ Kf8 55.Rf7+ Kg8 56.Rhg7+ Kh8
57.Kg1 Qb1+ 58.Kh2 Qb6 59.Rh7+ Kg8 60.Rhg7+ Kh8 61.Rh7+ Kg8  1/2-1/2

[Event "WCh w Blitz Final"]
[Site "Moscow RUS"]
[Date "2010.09.18"]
[Round "23"]
[White "Paikidze,N"]
[Black "Stefanova,A"]
[Result "0-1"]
[WhiteElo "2376"]
[BlackElo "2551"]

1.d4 d5 2.c4 c6 3.Nc3 Nf6 4.e3 e6 5.Nf3 a6 6.b3 Bb4 7.Bd2 Nbd7 8.Bd3 O-O
9.O-O Qe7 10.Qc2 h6 11.Rfe1 Re8 12.Nb1 Bd6 13.Bc3 dxc4 14.bxc4 e5 15.dxe5 Nxe5
16.Nxe5 Bxe5 17.Bxe5 Qxe5 18.Nd2 Bg4 19.h3 Bh5 20.Rab1 b5 21.Nf1 Qg5 22.Ng3 Rab8
23.cxb5 cxb5 24.Rec1 Nd5 25.Nxh5 Qxh5 26.Qc5 g6 27.Bf1 Qe5 28.Rd1 Nc3 29.Qc6 Nxb1
30.Rxb1 Qe6 31.Qc5 Rec8 32.Qa3 Rc6 33.g3 Qd6 34.Qb3 Rbc8 35.Rd1 Qe6 36.Qa3 Rc2
37.Bg2 Rxa2 38.Qd3 Qf6 39.Rf1 b4 40.Bd5 Rb2 41.Qe4 a5 42.Bb7 Rcc2 43.f4 Qd6
44.Qe8+ Kg7 45.Bf3 Rd2 46.Kh1 Qf6 47.Qc8 Qc3 48.Qe8 b3 49.h4 Ra2 50.h5 Ra1
51.Bg2 Rxf1+ 52.Bxf1 b2 53.hxg6 Qf6 54.gxf7 Qxf7 55.Qe5+ Kf8 56.Qb8+ Qe8
57.Qb6 Qh5+  0-1

[Event "WCh w Blitz Final"]
[Site "Moscow RUS"]
[Date "2010.09.18"]
[Round "24"]
[White "Zhukova,N"]
[Black "Gaponenko,I"]
[Result "1/2-1/2"]
[WhiteElo "2499"]
[BlackElo "2469"]

1.d4 d5 2.c4 c6 3.Nc3 Nf6 4.e3 e6 5.Nf3 Nbd7 6.Bd3 dxc4 7.Bxc4 b5 8.Bd3 b4
9.Ne4 Nxe4 10.Bxe4 Bb7 11.O-O Bd6 12.a3 bxa3 13.b3 Nf6 14.Bd3 c5 15.Bb5+ Ke7
16.Bxa3 cxd4 17.Nxd4 Bxa3 18.Rxa3 Qb6 19.Qd2 Rhd8 20.Qb4+ Qd6 21.Qxd6+ Rxd6
22.Rfa1 a6 23.Bf1 Nd5 24.g3 Rb6 25.Bg2 Nb4 26.Bxb7 Rxb7 27.Ra4 Rc8 28.Kg2 Rcc7
29.Rd1 Nc6 30.Rxa6 Nxd4 31.Rxd4 Rxb3 32.Rd2  1/2-1/2

[Event "WCh w Blitz Final"]
[Site "Moscow RUS"]
[Date "2010.09.18"]
[Round "26"]
[White "Gunina,V"]
[Black "Sebag,M"]
[Result "1-0"]
[WhiteElo "2465"]
[BlackElo "2499"]

1.d4 d5 2.c4 c6 3.Nc3 Nf6 4.e3 e6 5.Nf3 Nbd7 6.Qc2 Bd6 7.Bd3 O-O 8.O-O dxc4
9.Bxc4 a6 10.a4 c5 11.Ne4 Nxe4 12.Qxe4 Nf6 13.Qh4 cxd4 14.Bd3 dxe3 15.Bxe3 Bxh2+
16.Qxh2 Qxd3 17.Rfd1 Qf5 18.Ne5 Nd5 19.Bc5 Re8 20.Rac1 b6 21.Bd4 Bb7 22.Nc4 Rad8
23.Nd6 Rxd6 24.Qxd6 Rf8 25.Qe5 Qg6 26.f3 Nf6 27.Qe2 b5 28.axb5 axb5 29.Bxf6 Qxf6
30.Qxb5 Bd5 31.Qe2 h5 32.Qf2 h4 33.Rc3 Rb8 34.Rd4 g5 35.Rg4 e5 36.Qxh4 Rxb2
37.Rxg5+ Kf8 38.Rg8+ Ke7 39.Re8+  1-0

[Event "WCh w Blitz Final"]
[Site "Moscow RUS"]
[Date "2010.09.18"]
[Round "28"]
[White "Paikidze,N"]
[Black "Gaponenko,I"]
[Result "1/2-1/2"]
[WhiteElo "2376"]
[BlackElo "2469"]

1.d4 d5 2.c4 c6 3.Nc3 Nf6 4.e3 e6 5.Nf3 Nbd7 6.Qc2 b6 7.b3 Bb7 8.Be2 Be7
9.O-O Qc7 10.Bb2 Rd8 11.Rac1 Qb8 12.Rfd1 O-O 13.h3 h6 14.Bf1 Rfe8 15.g3 dxc4
16.bxc4 c5 17.d5 exd5 18.cxd5 Ne5 19.Nxe5 Qxe5 20.Nb5 Qe4 21.Qxe4 Nxe4 22.Bg2 Nd6
23.Nxd6 Bxd6 24.e4 f6 25.f4 b5 26.Re1 c4 27.Bd4 a6 28.e5 fxe5 29.fxe5 Bb4
30.Bb6 Bxe1 31.Bxd8 Bxg3 32.Bc7 Bxe5 33.d6 Bxg2 34.d7 Rf8 35.d8=Q Rxd8 36.Bxd8 Bxh3
37.Ba5 g5 38.Kf2 h5 39.a4 h4 40.axb5 axb5 41.Rb1 Bd7 42.Bd8 Bf4 43.Rd1 Bc6
44.Rg1 Bg3+ 45.Ke3 g4 46.Bxh4 Bxh4 47.Rxg4+ Kf7 48.Rxh4 Ke6 49.Kd4 Kd6 50.Rh6+ Kc7
51.Kc5 Bd7 52.Kb4 Bc6 53.Kc5 Bd7  1/2-1/2

[Event "TCh-FIN 2010-11"]
[Site "Vantaa FIN"]
[Date "2010.09.18"]
[Round "1.5"]
[White "Fieandt,J"]
[Black "Kokkila,T"]
[Result "0-1"]
[WhiteElo "2182"]
[BlackElo "2327"]

1.d4 e6 2.c4 Nf6 3.Nf3 d5 4.Nc3 c6 5.e3 Nbd7 6.Bd3 dxc4 7.Bxc4 b5 8.Bd3 Bb7
9.a3 a6 10.b4 a5 11.Rb1 axb4 12.axb4 Bd6 13.Ng5 Qe7 14.Qb3 Nd5 15.Nxd5 exd5
16.Nf3 Ra4 17.Bd2 O-O 18.Bc2 Nf6 19.Qb2 Ra6 20.O-O Ne4 21.h3 Rfa8 22.Bc1 Bc8
23.Ne1 Qg5 24.Nf3 Qh5 25.Ne5 f6 26.Bxe4 dxe4 27.Qb3+ Kf8 28.f4 exf3 29.Rxf3 Bxe5
30.dxe5 Qxe5 31.Bb2 Qd5 32.Qxd5 cxd5 33.Rc1 Bd7 34.Bd4 Rc8 35.Rff1 Rc4 36.Ra1 Ra4
37.Bc5+ Kf7 38.Rad1 Be6 39.Rf2 Ra3 40.Rb2 Kg6 41.Kf2 h5 42.Ke2 h4 43.Kf2 Kf5
44.Rdd2 Ke4 45.Rd1 Bf5 46.Rbd2 Be6 47.Rd4+ Ke5 48.R4d2 Kf5 49.Rd3 Rxd3 50.Rxd3 Rc2+
51.Kf3 Ke5 52.Bd4+ Kd6 53.Rc3 Ra2 54.Rb3 Bf5 55.Rb2 Ra1 56.Rd2 Rf1+ 57.Ke2 Rc1
58.Kf2 Be4 59.Ra2 Ke6 60.Ra6+ Kf5 61.Ra2 Rd1 62.Bc5 Bd3 63.g3 Rh1 64.Ra3 Be4
65.g4+ Kg5 66.Bd6 Rxh3 67.Ra7 g6 68.Rf7 Rf3+ 69.Ke2 Kxg4 70.Be7 Kg5 71.Bd6 Kf5
72.Rb7 Rh3 73.Rxb5 Rh1 74.Rb8 Rb1 75.Kd2 h3 76.Kc3 Rc1+ 77.Kb3 Re1 78.b5 Rxe3+
79.Kb4 Re2 80.Rh8 Bg2 81.b6 Rb2+ 82.Ka5 d4 83.Bb4 Ra2+ 84.Kb5 h2  0-1

[Event "EYCC Boys U14"]
[Site "Batumi GEO"]
[Date "2010.09.20"]
[Round "1"]
[White "Mirzoev,E"]
[Black "Mravic,F"]
[Result "1-0"]
[WhiteElo "2109"]
[BlackElo "1777"]

1.d4 d5 2.c4 c6 3.e3 Nf6 4.Nc3 e6 5.Nf3 Nbd7 6.Be2 Bd6 7.O-O O-O 8.Qc2 e5
9.cxd5 cxd5 10.Nb5 Bb8 11.dxe5 Nxe5 12.Rd1 a6 13.Nbd4 Qd6 14.h3 Be6 15.Qb3 Nxf3+
16.Nxf3 b5 17.Qd3 Ne4 18.b3 Rd8 19.Bb2 Qe7 20.Qd4 f6 21.Qd3 Ba7 22.Bd4 b4
23.Bxa7 Qxa7 24.a3 Nc3 25.Rdc1 Bf5 26.Qd2 Nxe2+ 27.Qxe2 Qb6 28.Nd4 Bd7 29.axb4 Qxb4
30.Rxa6 Rxa6 31.Qxa6 Qd2 32.Rc2 Qd1+ 33.Kh2 Qb1 34.Qd6  1-0